[Collection of material relating to the Land Surveyors' Club] (Record no. 116725)

MARC details
000 -LEADER
fixed length control field 01127cac a22002175a 4500
001 - CONTROL NUMBER
control field L141530
008 - FIXED-LENGTH DATA ELEMENTS--GENERAL INFORMATION
fixed length control field 071129i18851958xxk eng u
035 ## - SYSTEM CONTROL NUMBER
System control number (Sirsi) u141530
041 0# - LANGUAGE CODE
Language code of text/sound track or separate title eng
245 01 - TITLE STATEMENT
Title [Collection of material relating to the Land Surveyors' Club]
260 ## - PUBLICATION, DISTRIBUTION, ETC.
Date of publication, distribution, etc. 1885-1958
300 ## - PHYSICAL DESCRIPTION
Extent 5 items
Other physical details 28 x 18 cm., or smaller
340 ## - PHYSICAL MEDIUM
Material base and configuration Printed
351 ## - ORGANIZATION AND ARRANGEMENT OF MATERIALS
Hierarchical level Fonds
500 ## - GENERAL NOTE
General note The collection consists of a publication entitled 'The members of the Land Surveyors' Club from its foundation, 21 June 1834 to 21 June 1934 and other information concerning the club', and lists of members of the Club dating from 1885, 1834-1947, 1949 and 1958.
520 ## - SUMMARY, ETC.
Summary, etc. The Land Surveyors' Club was founded in 1834, arising out of informal meetings held by a group of land agents between 1830 and 1834. The aim of the Club was to promote the discussion of matters of interest to professional men connected with the land. Meetings were held on the first Monday after Quarter-days.
610 24 - SUBJECT ADDED ENTRY--CORPORATE NAME
Corporate name or jurisdiction name as entry element Land Surveyors Club
9 (RLIN) 4346
651 4# - SUBJECT ADDED ENTRY--GEOGRAPHIC NAME
Geographic name United Kingdom
Chronological subdivision
690 ## - LOCAL SUBJECT ADDED ENTRY--TOPICAL TERM (OCLC, RLIN)
Topical term or geographic name as entry element ABOUT RICS-RELATED ORGANISATIONS
942 ## - ADDED ENTRY ELEMENTS (KOHA)
Suppress in OPAC 0
Holdings
Withdrawn status Lost status Source of classification or shelving scheme Damaged status Not for loan Home library Current library Shelving location Date acquired Total Checkouts Full call number Barcode Date last seen Copy number Price effective from Koha item type
    Dewey Decimal Classification     London London Basement 29/11/2007   BASEMENT BOX 1 141530-1001 01/06/2026 1 06/08/2019 Archive